Vista normal Vista MARC

Entrada Topical Term

Número de registros utilizados en: 1

001 - CONTROL NUMBER

  • control field: 10784

003 - CONTROL NUMBER IDENTIFIER

  • control field: OSt

005 - DATE AND TIME OF LATEST TRANSACTION

  • control field: 20200924110437.0

008 - FIXED-LENGTH DATA ELEMENTS

  • fixed length control field: 200924|| aca||aabn | a|a d

040 ## - CATALOGING SOURCE

  • Original cataloging agency: OSt
  • Transcribing agency: OSt

150 ## - HEADING--TOPICAL TERM

  • Topical term or geographic name entry element: Espacio y tiempo Hora

670 ## - SOURCE DATA FOUND

  • Source citation: Work cat.: (OSt)4632: Hawking, Stephen, 1942-2018, autor 10783, Una breve historia del tiempo : , 1995.